LEADER 00922nam0-2200277 --450 001 9910442059303321 005 20210318132341.0 010 $a0080243118$bpbk 010 $a0080243126$bhbk 100 $a20210318d1980----km y0itay50 ba 101 0 $aeng 102 $aGB 105 $aa 001yy 200 1 $a<>self-organizing universe$escientific and human implications of the emerging paradigm of evolution$fby Erich Jantsch 210 $aOxford [etc.]$cPergamon press$d1980 215 $aXVII, 343 p.$cill.$d24 cm 225 1 $aSystems science and world order library. Innovations in systems science 610 0 $aFondamenti delle scienze fisiche e naturali 700 1$aJantsch,$bErich$036756 801 0$aIT$bUNINA$gREICAT$2UNIMARC 901 $aBK 912 $a9910442059303321 952 $aF.D.i. 0698$bF.D.i 698$fFI1 959 $aFI1 996 $aSelf-organizing universe$91768584 997 $aUNINA LEADER 01367nam 2200385Ia 450 001 9910698335803321 005 20080618122435.0 035 $a(CKB)25435214800041 035 $a(OCoLC)214094141 035 $a(EXLCZ)9925435214800041 100 $a20080326d2008 ua 0 101 0 $aeng 135 $aurbn||||||||| 181 $ctxt$2rdacontent 182 $cc$2rdamedia 183 $acr$2rdacarrier 200 10$aProjecting Pyongyang$b[electronic resource] the future of North Korea's Kim Jong Il regime /$fAndrew Scobell 210 1$a[Carlisle Barracks, PA] :$c[Strategic Studies Institute, U.S. Army War College],$d[2008] 215 $axiv, 43 pages $cdigital, PDF file 225 1 $aDemystifying North Korea ;$v7 300 $aTitle from title screen (viewed on March 24, 2008). 300 $a"March 2008." 320 $aIncludes bibliographical references (pages 37-43). 517 3 $aFuture of North Korea's Kim Jong Il regime 606 $aPolitical science$zKorea (North)$xHistory 607 $aKorea (North)$xPolitics and government 615 0$aPolitical science$xHistory. 700 $aScobell$b Andrew$0564744 712 02$aArmy War College (U.S.).$bStrategic Studies Institute. 801 0$bGPO 801 1$bGPO 906 $aBOOK 912 $a9910698335803321 996 $aProjecting Pyongyang$93440357 997 $aUNINA LEADER 01844nam 2200517Ia 450 001 9910700336803321 005 20110613095203.0 035 $a(CKB)5470000002409620 035 $a(OCoLC)730240863 035 $a(EXLCZ)995470000002409620 100 $a20110613d2010 ua 0 101 0 $aeng 135 $aurcn||||||||| 181 $ctxt$2rdacontent 182 $cc$2rdamedia 183 $acr$2rdacarrier 200 12$aA review of discrete element method (DEM) particle shapes and size distributions for lunar soil$b[electronic resource] /$fJohn E. Lane, Philip T. Metzger, R. Allen Wilkinson 210 1$aCleveland, Ohio :$cNational Aeronautics and Space Administration, Glenn Research Center,$d[2010] 215 $a1 online resource (36 pages) $cillustrations, color 225 1 $aNASA/TM ;$v2010-216257 300 $aTitle from title screen (viewed on June 13, 2011). 300 $a"December 2010." 320 $aIncludes bibliographical references (pages 35-36). 517 $aReview of discrete element method 606 $aParticle size distribution$2nasat 606 $aLunar soil$2nasat 606 $aShapes$2nasat 606 $aSoil mechanics$2nasat 606 $aSize distribution$2nasat 606 $aEllipsoids$2nasat 615 7$aParticle size distribution. 615 7$aLunar soil. 615 7$aShapes. 615 7$aSoil mechanics. 615 7$aSize distribution. 615 7$aEllipsoids. 700 $aLane$b John E$017028 701 $aMetzger$b Philip T$01410351 701 $aWilkinson$b R. Allen$01410352 712 02$aNASA Glenn Research Center. 801 0$bGPO 801 1$bGPO 906 $aBOOK 912 $a9910700336803321 996 $aA review of discrete element method (DEM) particle shapes and size distributions for lunar soil$93498832 997 $aUNINA LEADER 04649oam 22010814 450 001 9910788525603321 005 20230829002129.0 010 $a1-4623-2559-9 010 $a1-4527-5116-1 010 $a1-282-47422-7 010 $a1-4519-0864-4 010 $a9786613821751 035 $a(CKB)3360000000443213 035 $a(EBL)3014462 035 $a(SSID)ssj0000939943 035 $a(PQKBManifestationID)11570203 035 $a(PQKBTitleCode)TC0000939943 035 $a(PQKBWorkID)10946338 035 $a(PQKB)10610763 035 $a(OCoLC)694141130 035 $a(MiAaPQ)EBC3014462 035 $a(IMF)WPIEE2006068 035 $a(EXLCZ)993360000000443213 100 $a20020129d2006 uf 0 101 0 $aeng 135 $aur|n|---||||| 181 $ctxt 182 $cc 183 $acr 200 14$aThe Utilization-Adjusted Output Gap : $eIs the Russian Economy Overheating? /$fNienke Oomes, Oksana Dynnikova 210 1$aWashington, D.C. :$cInternational Monetary Fund,$d2006. 215 $a1 online resource (46 p.) 225 1 $aIMF Working Papers 300 $a"March 2006." 311 $a1-4518-6328-4 320 $aIncludes bibliographical references. 327 $a""Contents""; ""I. INTRODUCTION""; ""II. THE NONACCELERATING INFLATION RATE OF FACTOR UTILIZATION""; ""III. FACTOR UTILIZATION IN RUSSIA""; ""A. Capacity Utilization""; ""B. Labor Utilization""; ""C. Estimating the Natural Rate""; ""IV. OUTPUT GAP ESTIMATES""; ""A. Trend Fitting and Statistical Filtering""; ""B. Production Function Approach""; ""V. CONCLUSIONS""; ""I. Characteristics and Methodology of Capacity Utilization Surveys""; ""II. Econometric NAICU Estimates""; ""III. Statistical Methods for Estimating the Output Gap""; ""References"" 330 3 $aThis paper estimates the output gap in Russia using a utilization-adjusted production function approach, which we argue is preferable to traditional output gap methods. The approach amounts to (1) using available surveys to estimate the "natural rates" of capacity and labor utilization above which inflation begins to accelerate; (2) estimating a production function with utilization-adjusted capital and labor inputs; and (3) defining potential output as the level of output obtained when both capital and labor are at their estimated natural rates. The results suggest that the output gap in Russia was negative between 1999 and 2003, but may have recently become positive, thus contributing to inflationary pressures. 410 0$aIMF Working Papers; Working Paper ;$vNo. 2006/068 606 $aInflation (Finance)$zRussia$xEconometric models 606 $aInput-output analysis$zRussia$xEconometric models 606 $aPhillips curve$xEconometric models 606 $aInflation$2imf 606 $aLabor$2imf 606 $aMacroeconomics$2imf 606 $aProduction and Operations Management$2imf 606 $aMacroeconomics: Production$2imf 606 $aLabor Economics Policies$2imf 606 $aPrice Level$2imf 606 $aDeflation$2imf 606 $aLabor Economics: General$2imf 606 $aLabour$2imf 606 $aincome economics$2imf 606 $aCapacity utilization$2imf 606 $aOutput gap$2imf 606 $aLabor policy$2imf 606 $aIndustrial capacity$2imf 606 $aProduction$2imf 606 $aEconomic theory$2imf 606 $aPrices$2imf 606 $aLabor economics$2imf 607 $aRussian Federation$2imf 615 0$aInflation (Finance)$xEconometric models. 615 0$aInput-output analysis$xEconometric models. 615 0$aPhillips curve$xEconometric models. 615 7$aInflation 615 7$aLabor 615 7$aMacroeconomics 615 7$aProduction and Operations Management 615 7$aMacroeconomics: Production 615 7$aLabor Economics Policies 615 7$aPrice Level 615 7$aDeflation 615 7$aLabor Economics: General 615 7$aLabour 615 7$aincome economics 615 7$aCapacity utilization 615 7$aOutput gap 615 7$aLabor policy 615 7$aIndustrial capacity 615 7$aProduction 615 7$aEconomic theory 615 7$aPrices 615 7$aLabor economics 700 $aOomes$b Nienke$01462134 701 $aDynnikova$b Oksana$01462135 712 02$aInternational Monetary Fund.$bEuropean Dept. 712 02$aInternational Monetary Fund.$bPolicy Development and Review Dept. 801 0$bDcWaIMF 906 $aBOOK 912 $a9910788525603321 996 $aThe Utilization-Adjusted Output Gap$93670976 997 $aUNINA